| 000 | 01080naa a22002777a 4500 | ||
|---|---|---|---|
| 001 | BR8901188 | ||
| 003 | BR-BrBNA | ||
| 005 | 20250721155350.0 | ||
| 007 | ta | ||
| 008 | 250630b bl.|||m| |||| 00| 0 por d | ||
| 040 |
_aBR-BrBNA _bpor _cBiblioteca Nacional de Agricultura |
||
| 041 | _a(Pt) | ||
| 072 |
_aE70; F01 _b2140 _bG514 |
||
| 090 | _aE70 BR8901188 | ||
| 100 | 1 | _aJesus, L.C. de | |
| 245 | 1 | _aErva-mate - crise e perspectivas | |
| 500 | _aAnalises: o modelo agricola frances. Sindicalismo rural e liderancas. A pequena e media empresa. Erva-mate: crise e perspectivas. Mercados e precos Ijui, RS (Brasil): 1984. p. 57-64 (BR8901188-AMS) | ||
| 773 | 0 |
_tAnalises: o modelo agricola frances. Sindicalismo rural e liderancas. A pequena e media empresa. Erva-mate: crise e perspectivas. Mercados e precos _wE70 BR8901188 _gIjui, RS (Brasil), 1984. p. 57-64 |
|
| 650 | _aMATE | ||
| 650 | _aPRECO | ||
| 650 | _aMERCADO | ||
| 650 | _aPRODUCAO VEGETAL | ||
| 490 |
_aBoletim CRIAEC (Brazil) _vv. 2(23) |
||
| 942 |
_cAMS _2AGRIS |
||
| 909 |
_a202506 _bLúcia _c55 _dLúcia Elande |
||
| 999 |
_c336089 _d336089 |
||